Normal view
MARC view
- Supervisor. Sajid Saleem
Entry Personal Name
001 - CONTROL NUMBER
- control field: 127280
003 - CONTROL NUMBER IDENTIFIER
- control field: NUST
005 - DATE AND TIME OF LATEST TRANSACTION
- control field: 20241231130145.0
008 - FIXED-LENGTH DATA ELEMENTS
- fixed length control field: 241231|| aca||aabn | a|a d
040 ## - CATALOGING SOURCE
- Original cataloging agency: NUST
- Transcribing agency: NUST
100 ## - HEADING--PERSONAL NAME
- Personal name: Supervisor. Sajid Saleem
670 ## - SOURCE DATA FOUND
- Source citation: Work cat.: (NUST)535479: Ahmed, Saad Khan 30067, Facility Layout Analysis & Improvement for Honda CD70 Cylinder machining at Atlas Engineering Limited /, 2014.
